000 00952nam0a22002291 4500
001 rc\4648812
005 20130416202057.7
035 _a(NLR Aleph) 008411565
090 _a9299833
_c9299833
100 _a20130416d1957 |||y0rusy50 ca
101 0 _arus
102 _aRU
105 _aa z |||||
200 1 _aРуководство к лабораторным работам по курсу "Технология авиационных материалов"
_eЛабораторная работа "Выбор рационального режима резания при обработке авиационных деталей"
210 _a[Ленинград]
_cВВИА им. проф. Н.Е. Жуковского
_d1957
215 _a16 с.
_cил.
_d22
700 1 _aСоколов
_bН. А.
_gНиколай Андреевич
801 0 _aRU
_bNLR
_gpsbo
801 1 _aRU
_bELAR
_2rusmarc
852 _aNLR
_j66-6/10751
942 _cBOOK
980 _aNB